书目信息 |
| 题名: |
产业集群与园区经济
|
|
| 作者: | 刘小铁 著 | |
| 分册: | ||
| 出版信息: | 北京 经济日报出版社 2015 |
|
| 页数: | 240页 | |
| 开本: | 24cm | |
| 丛书名: | ||
| 单 册: | ||
| 中图分类: | F062.9 | |
| 科图分类: | ||
| 主题词: | 产业经济学--研究 | |
| 电子资源: | ||
| ISBN: | 978-7-80257-759-6 | |
| 000 | 01141nam0 2200253 450 | |
| 001 | 339706 | |
| 005 | 20150608162054.25 | |
| 010 | @a978-7-80257-759-6@b精装@dCNY68.00 | |
| 100 | @a20150505d2015 em y0chiy50 ea | |
| 101 | 0 | @achi |
| 102 | @aCN@b110000 | |
| 105 | @ay z 000yy | |
| 106 | @ar | |
| 200 | 1 | @a产业集群与园区经济@Achan ye ji qun yu yuan qu jing ji@d= Industry cluster and park economic@f刘小铁著@zeng |
| 210 | @a北京@c经济日报出版社@d2015 | |
| 215 | @a240页@d24cm | |
| 300 | @a学术之星文库 江西财经大学工商管理学院、产业集群与企业发展研究中心资助出版 | |
| 330 | @a本书在收集和整理国内外有关产业集群研究成果的基础上, 对产业集群的基本内涵、特征、发展机理、影响因素、评价指标、集群内企业间的竞争合作关系等问题进行了较为系统的研究, 同时, 对产业园区的基本理论、国内外产业园区的发展现状、发展模式等问题进行了较广泛的探讨, 并结合我国产业集群发展的实践, 较全面地提出了进一步加快产业集群发展的主要路径及措施。 | |
| 510 | 1 | @aIndustry cluster and park economic@zeng |
| 606 | 0 | @a产业经济学@x研究 |
| 690 | @aF062.9@v5 | |
| 701 | 0 | @a刘小铁@Aliu xiao tie@4著 |
| 801 | 0 | @aCN@b卓展宏图@c20150525 |
| 905 | @dF062.9@e138@f4 | |
| 产业集群与园区经济= Industry cluster and park economic/刘小铁著.-北京:经济日报出版社,2015 |
| 240页;24cm |
| 学术之星文库 江西财经大学工商管理学院、产业集群与企业发展研究中心资助出版 |
| ISBN 978-7-80257-759-6(精装):CNY68.00 |
| 本书在收集和整理国内外有关产业集群研究成果的基础上, 对产业集群的基本内涵、特征、发展机理、影响因素、评价指标、集群内企业间的竞争合作关系等问题进行了较为系统的研究, 同时, 对产业园区的基本理论、国内外产业园区的发展现状、发展模式等问题进行了较广泛的探讨, 并结合我国产业集群发展的实践, 较全面地提出了进一步加快产业集群发展的主要路径及措施。 |
| ● |
| 相关链接 |
|
|
|
|
正题名:产业集群与园区经济
索取号:F062.9/138
 
预约/预借
| 序号 | 登录号 | 条形码 | 馆藏地/架位号 | 状态 | 备注 |
| 1 | 863729 | 208637297 | 第一样本阅览室/ [索取号:F062.9/138] | 在馆 | |
| 2 | 863730 | 208637304 | 密集书库-海洋学院/ [索取号:F062.9/138] | 在馆 | |
| 3 | 863731 | 208637313 | 第一借阅区/ [索取号:F062.9/138] | 在馆 | |
| 4 | 863732 | 208637322 | 第一借阅区/ [索取号:F062.9/138] | 在馆 |